| 000 | 00521nam a2200145Ia 4500 | ||
|---|---|---|---|
| 008 | 100122s9999 xx 000 0 und d | ||
| 082 |
_b59972 _a394 |
||
| 100 | _aभोसले द ता | ||
| 245 | _aसंस्कृतीच्या पाऊल खुणा | ||
| 260 |
_bपदगंधा प्रकाशन _c2001 |
||
| 300 | _a248 | ||
| 630 | _aसंस्कृतीच्या पाऊल खुणा | ||
| 730 | _aसंस्कृतीच्या पाऊल खुणा | ||
| 942 | _cBOOK | ||
| 999 |
_c435253 _d435250 |
||